| 000 | 01303cam a22003857a 4500 | ||
|---|---|---|---|
| 003 | CHAP | ||
| 005 | 20220817040921.0 | ||
| 008 | 971013s1977 r 00010 d | ||
| 010 | _a2670 | ||
| 011 | _a3642 | ||
| 035 | _a2843 | ||
| 040 | _cCHAP | ||
| 082 |
_a972 _bS52 |
||
| 100 | 0 | 0 |
_aSmith, Waldemar R. _9107152 |
| 245 | 1 | 3 | _aEl sistema de fiestas y el cambio económico |
| 260 |
_aMéxico, D. F. : _bFondo de Cultura Económica, _c1977 |
||
| 300 | _a228 p. | ||
| 490 | 0 | _aSección de obras de antropología | |
| 500 | _aD46-211 | ||
| 590 |
_aBATCH-UPD _b10 _c20130110 _lUCH01 _h0905 |
||
| 590 |
_aBATCH-UPD _b10 _c20130410 _lUCH01 _h0532 |
||
| 590 |
_aBATCH-UPD _b10 _c20130914 _lUCH01 _h1631 |
||
| 590 |
_aCONVERSION _b10 _c20130109 _lUCH01 _h1303 |
||
| 650 | 1 | 4 |
_aGuatemala _xCondiciones económicas. _951024 |
| 650 | 1 | 4 |
_aGuatemala _xCondiciones rurales. _951025 |
| 650 | 1 | 4 |
_aIndios de Guatemala. _957609 |
| 650 | 1 | 4 |
_aIndios de México _xCultura. _957627 |
| 650 | 1 | 4 |
_aIndios de México _xReligión y mitología. _957636 |
| 650 | 1 | 4 |
_aMéxico _xCondiciones económicas. |
| 650 | 1 | 4 |
_aMéxico _xCondiciones rurales. |
| 830 | 0 |
_aSección de obras de antropología _9103500 |
|
| 901 | _aBK | ||
| 942 | _cLIBRO | ||
| 949 |
_a972 S52 _bBC _cLIBRO _d33724000282448 _eLIBRO _gI.c/e _h80621 _i2843 _si _t9.20 |
||
| 999 |
_c2670 _d2670 |
||